Дело по вопросу об ответственности секретарей и делопроизводителей губернских правлений

Доступно только в Электронных читальных залах Найти на картеНа карте
RUSMARC
00004481nmc2a22000003x 450
0016a17b390-28de-440e-9d3d-e0f398345119
00520210309162928.0
100##$a20181126l18671869k l0rusy0189 ca
1010#$arus
102##$aRU
2001#$aДело по вопросу об ответственности секретарей и делопроизводителей губернских правлений
$j19 мая 1867 г. - 18 апреля 1869 г.
251##$cДело
300##$aДело
300##$aОриг. заголовок дела: Дело по вопросу о том: ответствует ли на основании 155 статьи 2 тома Общественного губернского учреждения, за журнальные постановления Губернского правления, кроме присутствующих, один докладывающий дело старший секретарь или и также секретари поддлежащих отделений. 19 мая 1867 г. - 18 апреля 1869 г
801#0$aRU
$bРГИА
$c20181126
$gRCR
801#1$aRU
$bГлавНИВЦ
$c20181126
$2rusmarc
801#2$aRU
$bПБ им. Б.Н. Ельцина
$c20210309
$gRCR
$2rusmarc
850##$aРГИА
852##$aРГИА
$eФедеральное казенное учреждение "Российский государственный исторический архив" (РГИА)
$j58
937##$hРГИА
$d12293637
$aASBIBLIO_SCAN
462#0$100191353b96-cc3d-4f24-9eeb-3bfef1665a95
$12001
$aДела Департамента полиции исполнительной МВД за 1867 год
$1251
$cОпись
$1852
$j28
$l1867 г.
461#0$10013e300ed0-cd39-49af-8489-5ba5b90fa401
$12001
$aДепартамент полиции исполнительной МВД
$1251
$cФонд
$1852
$j1286
215##$a20 л.
$d36,5х26 см
371##$aДокумент не является опубликованным и широко распространяемым
105##$ay###
1222#$ad
5171#$aДело по вопросу о том: ответствует ли на основании 155 статьи 2 тома Общественного губернского учреждения, за журнальные постановления Губернского правления, кроме присутствующих, один докладывающий дело старший секретарь или и также секретари поддлежащих отделений. 19 мая 1867 г. - 18 апреля 1869 г
035##$a6a17b390-28de-440e-9d3d-e0f398345119
856##$uhttp://readingroom.main.prlib.ru/item.aspx?id_node=n158337262&mode=full
Формат отображения